00635nam a22001577a 4500003000900000005001700009008004100026040001300067100001700080245011500097250000600212260002100218300001800239490003600257520018400293IT-RoPau20220918181219.0131217b xxu||||| |||| 00| 0 eng d cIT-RoPau aAncona, Enza aSignore tu solo e bastabIl discepolato di Madre Scolastica. Prima Madre delle Pie Discepole del Divin Maestro aI aRomabPDDMc2001 a31 pp.c21 cm aPie Discepole del Divin Maestro aIndice Introduzione Sigle Capitolo I - Il chicco di frumento II Capitolo - Come oro nel Crogiolo Conclusione Appendice Bibliografia Fonti bibliche Fonti carismatiche Studi Indice